Química: teórica y descriptiva

Guardat en:
Dades bibliogràfiques
Autors principals: Sienko, Michell J (Autor), Plane, Robert A (Autor)
Format: Llibre
Idioma:espanyol
Publicat: Madrid Aguilar 1970
Matèries:
Etiquetes: Afegir etiqueta
Sense etiquetes, Sigues el primer a etiquetar aquest registre!

MARC

LEADER 00000nam a2200000 a 4500
001 UCZ1579
003 CL-VaPUC
008 950824e19700000SP |||||||||||||||||spa|d
082 0 4 |a 541.2  |b SIE  |2 21 
100 0 |a Sienko, Michell J  |e author  |9 345178 
700 0 |a Plane, Robert A  |e author  |9 345179 
245 1 0 |a Química: teórica y descriptiva 
300 |a 710 p 
942 |c BK 
945 |d 19950824 00:00:00  |a awong 
260 |a Madrid  |b Aguilar  |c 1970 
650 0 |a Química  |9 259896 
650 0 |a Estructura atómica   |9 259944 
650 0 |a Gases  |9 260945 
650 0 |a Electroquímica  |9 263973 
650 7 |a ELEMENTOS QUIMICOS  |2 CL-VaPUC  |9 306895 
650 0 |a Sólidos  |9 260188 
650 0 |a Líquidos  |9 260946 
583 |a last modification  |c 19950824 00:00:00  |k Rodrigo Vera 
999 |c 238314  |d 238312 
952 |0 0  |1 0  |4 0  |6 541_200000000000000_SIE_1970  |7 0  |8 A  |9 248420  |a BIBCUR  |b BIBCUR  |d 2019-11-18  |i 3127818  |o 541.2 SIE 1970  |p 3127818  |r 2025-04-22  |w 2019-11-18  |y BK  |k BCB